000 01140nam0a2200349 i 4500
001 RU\NLR\BIBL_A\010785332
005 20260406141153.0
010 _a9785485001278
_93000
021 _aRU
_b2015-36524
035 _a(NILC)RuMoRGB-007932296
035 _a(NLR Aleph) 010785332
090 _a10088214
_c10088214
100 _a20150619d2013 um y0rusy50 ca
101 0 _arus
102 _aRU
105 _ay|||z|||000zy
200 1 _aИсповедь
_fсв. блаженный Августин
205 _aИзд. 3-е
210 _aМосква
_cДаръ
_dпеч. 2013
215 _a553, [1] с.
_d17
225 1 _aБиблиотека паломника
_eБП
333 _a6+
606 1 _aБогословие христианское
_91017361
_3RU\NLR\AUTH\6670547
686 2 _aЭ37-4
700 0 _7ca
_8rus
_aАвгустин Аврелий
_cепископ Гиппонийский
_f354-430
_9113342
_3RU\NLR\AUTH\773342
801 0 _aRU
_bРГБ
_c20150515
_gRCR
801 1 _aRU
_bРГБ
_c20150515
_2rusmarc
942 _cBOOK
980 _aNBR